000 00651cam a2200157 4500500
005 20260329012013.0
041 _afre
042 _adc
100 1 0 _aSchumacher, Julio
_eauthor
245 0 0 _aEstelle Ferrarese, Une philosophie des sanglots, Rivages, “Bibliothèque Rivages”, 2025, 300 pages, €19.
260 _c2025.
500 _a30
520 _aArtemisia, exhibited at the Musée Jacquemart-André, portrays women who resist male violence, echoing her own story.
786 0 _nÉtudes | Jui | 6 | 2025-05-21 | p. 133-133 | 0014-1941
856 4 1 _uhttps://shs.cairn.info/journal-etudes-2025-6-page-133?lang=en&redirect-ssocas=7080
999 _c1866977
_d1866977